| 000 | 01130nam a22002417a 4500 | ||
|---|---|---|---|
| 005 | 20110429165957.0 | ||
| 008 | 110429t xxu||||| |||| 00| 0 mar d | ||
| 010 | _aMAR-20786 | ||
| 020 |
_c200.00 _a9788174344564 |
||
| 035 | _aMR-13444 | ||
| 037 | _bDBAD / PUB | ||
| 040 |
_aDPL _bMR |
||
| 082 | _a370.116 | ||
| 100 |
_aगोखले,अरविंद व्यं _927525 |
||
| 245 |
_aपरदेशात शिकायचंय / _cअरविंद व्यं गोखले तथा विजय लोणकर |
||
| 246 |
_aPardeshat Shikaychay ? _bby Arvind V Gokhale Arvind V and Vijay Lonkar |
||
| 260 |
_aपुणे _bराजहंस प्रकाशन _c2009 |
||
| 270 |
_a1025,सदाशिव पेठ _bपुणे |
||
| 300 |
_a286पृ _c21 सेमी (अजिल्द) |
||
| 700 |
_927590 _aगोखले,अरविंद व्य |
||
| 942 |
_2ddc _cMR _mगोखले _h370.116 |
||
| 999 |
_c52095 _d52095 |
||